ბათუმის შოთა რუსთაველის სახელმწიფო უნივერსიტეტის ბიბლიოთეკა

საგამოძიებო სამართალი : (ბიბ.ჩანაწერი № 57347)

000 -ლიდერი
ფიქსირებული სიგრძის საკონტროლო ველი 01480nam a22002297a 4500
003 - საკონტროლო ნომრის იდენტიფიკატორი
საკონტროლო ველი Ge_BSU
005 - ბოლო ოპერაციის თარიღი და დრო
საკონტროლო ველი 20200527143805.0
008 - ფიქსირებული სიგრძის მონაცემთა ელემენტები - ზოგადი ინფორმაცია
ფიქსირებული სიგრძის საკონტროლო ველი 200527s2018 ge ||||| |||| 00| 0 geo d
020 ## - წიგნის საერთაშორისო სტანდარტული ნომერი
International Standard Book Number 9789941956102
041 ## - ენის კოდი
Language code of text/sound track or separate title geo
080 ## - უნივერსალური ათობითი კლასიფიკაციის ინდექსი
Universal Decimal Classification number 343.13(075.8) + 347.934(075.8) ს-14
245 ## - ცნობა სათაურის შესახებ
Title საგამოძიებო სამართალი :
Remainder of title [სახელმძღვანელო]. ნაწ. 1 /
Statement of responsibility, etc ჯემალ გახოკიძე, ირაკლი გაბისონია, მიხეილ მამნიაშვილი, პოლიკარპე (თემურ) მონიავა.
264 ## - წარმოების, გამოცემის, დისტრიბუციის და სხვა ცნობები
გამოცემის, წარმოების, დისტრიბუციის... ადგილი თბილისი :
გამოცემის, წარმოების, დისტრიბუციის... სახელწოდება იურისტების სამყარო,
გამოცემის, წარმოების, დისტრიბუციის... თარიღი 2018.
300 ## - ფიზიკური აღწერა
Extent 370 გვ.
Other physical details 21 სმ.
500 ## - ზოგადი შენიშვნა
General note წიგნი გამოცემულია საქ. ტექნ. უნ-ტის სამართლისა და საერთაშორისო ურთიერთობების ფაკ-ტის მხარდაჭერით.
504 ## - BIBLIOGRAPHY, ETC. NOTE
Bibliography, etc ბიბლიოგრ.: გვ. 363-368.
653 ## - INDEX TERM--UNCONTROLLED
Uncontrolled term საგამოძიებო სამართალი
700 ## - ADDED ENTRY--PERSONAL NAME
Personal name გაბისონია, ირაკლი
Relator term ავტორი
9 (RLIN) 7024
700 ## - ADDED ENTRY--PERSONAL NAME
Personal name მამნიაშვილი, მიხეილ
Relator term ავტორი
9 (RLIN) 8217
700 ## - ADDED ENTRY--PERSONAL NAME
Personal name მონიავა, პოლიკარპე
Relator term ავტორი
9 (RLIN) 8218
942 ## - ADDED ENTRY ELEMENTS (KOHA)
Source of classification or shelving scheme
Koha item type წიგნი
ეგზემპლარები
ჩამოწერის სტატუსი დაკარგული ეგზემპლარის სტატუსი კლასიფიკაციის წყარო ან თაროზე გაწყობის სქემა დაზიანების სტატუსი არ გაიცემა მუდმივი მდებარეობა (დაცვის ადგილი) ამჟამინდელი ადგილსამყოფელი თაროზე განთავსების ადგილი შეძენის თარიღი ღირებულება, შესყიდვის ნორმალური ფასი სრული შენახვის შიფრი შტრიხკოდი ბოლო ოპერაციის თარიღი ეგზემპლარის მიმდევრობითი ნომერი (კეტერი?) ფასის ძალაში შესვლის თარიღი ეგზემპლარის სახეობა საჯარო შენიშვნა
          ბათუმის შოთა რუსთაველის სახელმწიფო უნივერსიტეტის მთავარი ბიბლიოთეკა ბათუმის შოთა რუსთაველის სახელმწიფო უნივერსიტეტის მთავარი ბიბლიოთეკა წიგნსაცავი 2020-05-27 23.40 343.13(075.8) + 347.934(075.8) ს-14 60520 2020-05-27 60520 2020-05-27 წიგნი 23ლ. 40 თ.